logo

A Century of Radio Broadcasting (Record no. 2025)

000 -LEADER
fixed length control field 00531nam a22001577a 4500
003 - CONTROL NUMBER IDENTIFIER
control field SLTCLib
008 - FIXED-LENGTH DATA ELEMENTS--GENERAL INFORMATION
fixed length control field 260610b ce ||||| |||| 00| 0 eng d
020 ## - INTERNATIONAL STANDARD BOOK NUMBER
International Standard Book Number 9786245726752
041 ## - LANGUAGE CODE
Language code of text/sound track or separate title English Language
080 ## - UNIVERSAL DECIMAL CLASSIFICATION NUMBER
Universal Decimal Classification number 621(548.7)
Item number DIS
100 ## - MAIN ENTRY--PERSONAL NAME
Personal name Dissanayaka, Dhammika
9 (RLIN) 3574
245 ## - TITLE STATEMENT
Title A Century of Radio Broadcasting
Remainder of title Chronological Milestones and Socio-Political -Cultural Dimensions in the Evolution of Radio in (Ceylon) Sri Lanka
260 ## - PUBLICATION, DISTRIBUTION, ETC. (IMPRINT)
Place of publication, distribution, etc Sri Lanka
Name of publisher, distributor, etc Department of Cultural Affairs
Date of publication, distribution, etc 2025
300 ## - PHYSICAL DESCRIPTION
Extent 386p.
942 ## - ADDED ENTRY ELEMENTS (KOHA)
Source of classification or shelving scheme
Koha item type Reference Materials
945 ## - LOCAL PROCESSING INFORMATION (OCLC)
a 3725
b Ishara wickramage
c 3725
d Ishara wickramage
Holdings
Withdrawn status Lost status Source of classification or shelving scheme Damaged status Not for loan Permanent Location Current Location Shelving location Date acquired Source of acquisition Full call number Barcode Date last seen Price effective from Koha item type
          Library of SLTC Library of SLTC Reference Section 2026-06-10 Donation 621(548.7) DIS 003405 2026-06-10 2026-06-10 Reference Materials
          Library of SLTC Library of SLTC Reference Section 2026-06-10 Donation 621(548.7) DIS 003406 2026-06-10 2026-06-10 Reference Materials
Ghostwriter

All Rights Reserved, Library of SLTC
Sri Lanka Technological Campus, Ingiriya Road, Padukka, Sri Lanka - Telephone: +, Fax: + -
Email:library@sltc.edu.lk
Designed & Maintained by Nimal Hettiarachchi
Last Updated: 15-April -2018